00425 2200157 4500001002100000005001500021035002000036245007300056100002100129300002800150260003300178082000800211084001400219020002200233990001200255INLIS00000000000310220251001095017 a0010-10250000061 aBagaimana Menulis Biografi Perspektif Jurnalisme /cAna Nadhya Abrar0 aAna Nadhya Abrar a144 hlm ;c15,5 x 23 cm aYogyakarta :bEmerson,c2010 a920 a920 ANA b a978-602-9839-50-0 a0755524